Statistiques concernant Partis politiques par personnalités

Cliquez ici pour prendre le quiz!

Statistiques générales

  • Ce quiz a été pris 385 fois
    (176 depuis la dernière actualisation)
  • Le résultat moyen est 7 sur 10

Statistiques - réponses

HintRéponse% Correct
Adrien Quatennens - Manon Aubry - Éric Coquerel - Mathilde PanotLa France Insoumise
97%
Bruno Le Maire - Aurore Bergé - Gérald Darmanin - Valérie HayerRenaissance
94%
Sandrine Rousseau - Éric Piolle - Jeanne Barseghian - Julien BayouEurope Écologie Les Verts
91%
Marion Maréchal - Nicolas Bay - Guillaume Peltier - Sarah KnafoReconquête
89%
Sébastien Chenu - Laure Lavalette - Louis Aliot - David RachlineRassemblement National
80%
Carole Delga - Stéphane Le Foll - Martine Aubry - Michael DelafosseParti Socialiste
79%
Aurélien Pradié - Annie Genevard - Bruno Retailleau - Christelle MorançaisLes Républicains
65%
Cécile Cukierman - Éliane Assassi - Olivier Marchais - Ian BrossatParti Communiste Français
53%
Christophe Béchu - Nathalie Loiseau - Christian Estrosi - Naima MoutchouHorizons
39%
Agnès Pannier-Runacher - Clément Beaune - Olivier Dussopt - Élisabeth BorneTerritoire de Progrès
14%

Distribution des résultats

Percentile par nombre de réponses

% des personnes avec chaque résultat

Votre développement - résultats

Vous n’avez pas pris ce quiz depuis la dernière actualisation